Library Banner

McKeachie's teaching tips : (Record no. 118402)

MARC details
000 -LEADER
fixed length control field 00913cam a2200277 i 4500
001 - CONTROL NUMBER
control field 17404489
005 - DATE AND TIME OF LATEST TRANSACTION
control field 20200909162023.0
008 - FIXED-LENGTH DATA ELEMENTS--GENERAL INFORMATION
fixed length control field 120727s2014 at b 001 0 eng
020 ## - INTERNATIONAL STANDARD BOOK NUMBER
International Standard Book Number 1133936792
020 ## - INTERNATIONAL STANDARD BOOK NUMBER
International Standard Book Number 9781133936794
040 ## - CATALOGING SOURCE
Transcribing agency PK-LaUMT
082 04 - DEWEY DECIMAL CLASSIFICATION NUMBER
Classification number 378.12
Edition number 23
Item number SVI-M
100 1# - MAIN ENTRY--PERSONAL NAME
Personal name Svinicki, Marilla D.
245 10 - TITLE STATEMENT
Title McKeachie's teaching tips :
Remainder of title strategies, research, and theory for college and university teachers /
Statement of responsibility, etc by Marilla D. Svinicki & Wilbert J. McKeachie ; with chapters by David Nicol [and 9 others]
250 ## - EDITION STATEMENT
Edition statement 4th ed.
260 ## - PUBLICATION, DISTRIBUTION, ETC. (IMPRINT)
Place of publication, distribution, etc Belmont :
Name of publisher, distributor, etc Wadsworth,
Date of publication, distribution, etc 2014
300 ## - PHYSICAL DESCRIPTION
Extent xxiii, 392 p. ;
Dimensions 20 cm
500 ## - GENERAL NOTE
General note Revised edition: 2006.
650 #0 - SUBJECT ADDED ENTRY--TOPICAL TERM
Topical term or geographic name as entry element College teaching.
650 #0 - SUBJECT ADDED ENTRY--TOPICAL TERM
Topical term or geographic name as entry element First year teachers.
650 #7 - SUBJECT ADDED ENTRY--TOPICAL TERM
Topical term or geographic name as entry element College teaching.
650 #7 - SUBJECT ADDED ENTRY--TOPICAL TERM
Topical term or geographic name as entry element First year teachers.
700 1# - ADDED ENTRY--PERSONAL NAME
Personal name McKeachie, Wilbert James,
700 1# - ADDED ENTRY--PERSONAL NAME
Personal name McKeachie, Wilbert James,
942 ## - ADDED ENTRY ELEMENTS (KOHA)
Koha item type Books
Holdings
Withdrawn status Lost status Damaged status Home library Current library Date acquired Full call number Barcode Date last seen Price effective from Koha item type
      UMT Main Campus UMT Main Campus 2020-09-09 378.12 SVI-M 134870 2020-09-09 2020-09-09 Books